[Event "Narva Baltic Stars"]
[Site "Narva"]
[Date "2015.12.11"]
[Round "3"]
[White "Zenzera, Alexey"]
[Black "Ladva, Ottomar"]
[Result "1/2-1/2"]
[WhiteElo "2459"]
[BlackElo "2423"]
[PlyCount "225"]
[EventDate "2015.12.09"]
[EventType "team-tourn"]
[EventRounds "5"]
[EventCountry "EST"]
[SourceTitle "CBM 170 Extra"]
[Source "ChessBase"]
[SourceDate "2016.02.25"]
[SourceVersion "1"]
[SourceVersionDate "2016.02.25"]
[SourceQuality "1"]

1. c4 e6 2. Nf3 d5 3. b3 Nf6 4. Bb2 Be7 5. g3 0-0 6. Bg2 c5 7. cxd5 Nxd5 8. 0-0 Nc6 9. Nc3 Bf6 10. Qc1 b6 11. Nxd5 exd5 12. d4 Ba6 13. Re1 Nxd4 14. Nxd4 cxd4 15. Qf4 d3 16. Bxf6 Qxf6 17. Qxf6 gxf6 18. exd3 Bxd3 19. Rad1 Be4 20. Bxe4 dxe4 21. Rxe4 Rfd8 22. Red4 Rxd4 23. Rxd4 Rc8 24. Rd7 a5 25. Rd6 Rc2 26. a4 b5 27. axb5 Rc5 28. Rb6 Kg7 29. Kf1 Rc3 30. Ra6 Rxb3 31. Rxa5 Rb2 32. Ke1 Kf8 33. Ra8+ Ke7 34. Rb8 f5 35. Kf1 f4 36. Kg2 fxg3 37. hxg3 Rb3 38. Rb6 Kf8 39. g4 h6 40. f3 Kg7 41. Kf2 Rb2+ 42. Ke3 Rb4 43. Rb8 Kf6 44. b6 Kg5 45. Kd3 Kf4 46. Kc3 Rb1 47. Kd4 Kxf3 48. b7 Kf4 49. Kd5 f6 50. Kd6 Rb2 51. Ke7 Rb6 52. Kf7 Kg3 53. Ke8 Kf4 54. Ke7 Kg3 55. Kd7 Rb1 56. Ke6 Rb6+ 57. Kf5 Kf3 58. Rc8 Rb5+ 59. Kxf6 Rxb7 60. Rc4 Rb5 61. Kg6 Rg5+ 62. Kxh6 Rxg4 63. Rc5 Kf4 64. Kh5 Rg1 65. Rc8 Kf5 66. Rf8+ Ke5 67. Kh4 Ke4 68. Kh5 Ke5 69. Rf2 Ke4 70. Kh4 Ke5 71. Kh3 Rg8 72. Kh2 Ke4 73. Rf7 Ke3 74. Rc7 Kf2 75. Rc2+ Kf3 76. Ra2 Rh8+ 77. Kg1 Rb8 78. Ra3+ Kg4 79. Kf2 Rf8+ 80. Kg2 Rb8 81. Ra4+ Kg5 82. Kf3 Rb3+ 83. Ke4 Rb1 84. Rd4 Ra1 85. Rd5+ Kg4 86. Ke5 Re1+ 87. Kf6 Ra1 88. Rd4+ Kf3 89. Rb4 Ra5 90. Ke6 Ke3 91. Rh4 Kd3 92. Kd6 Rg5 93. Ra4 Rb5 94. Kc6 Re5 95. Rh4 Re4 96. Rh5 Rd4 97. Kc5 Rc4+ 98. Kb5 Re4 99. Rh3+ Kd4 100. Rh1 Kd5 101. Rh8 Re5 102. Rd8+ Ke4+ 103. Kc4 Re7 104. Rc8 Re6 105. Kc3 Re5 106. Rh8 Kd5 107. Kd3 Re6 108. Ra8 Rb6 109. Ra5+ Kc6 110. Kc4 Rb1 111. Ra6+ Rb6 112. Ra8 Rb7 113. Rh8 1/2-1/2

[Event "RUS-chT U18"]
[Site "St Petersburg"]
[Date "2015.08.01"]
[Round "1.5"]
[White "Pak, Alexander"]
[Black "Zenzera, Alexey"]
[Result "0-1"]
[WhiteElo "2196"]
[BlackElo "2446"]
[PlyCount "110"]
[EventDate "2015.08.01"]
[EventType "team-swiss"]
[EventRounds "9"]
[EventCountry "RUS"]
[SourceTitle "CBM 167 Extra"]
[Source "ChessBase"]
[SourceDate "2015.09.14"]
[SourceVersion "1"]
[SourceVersionDate "2015.09.14"]
[SourceQuality "1"]
[WhiteTeam "Moscow Palace Youth II"]
[BlackTeam "SPbRDOO Peter Rook"]
[WhiteTeamCountry "RUS"]
[BlackTeamCountry "RUS"]

1. e4 c6 2. d4 d5 3. Nc3 dxe4 4. Nxe4 Nd7 5. Nf3 Ngf6 6. Nxf6+ Nxf6 7. h3 Bf5 8. Bd3 Bxd3 9. Qxd3 e6 10. 0-0 Be7 11. c4 0-0 12. b3 Qc7 13. Bb2 Rad8 14. Qe3 Ne8 15. Rac1 Bf6 16. Bc3 Nd6 17. Qf4 Rfe8 18. Rfe1 Qc8 19. Ba5 b6 20. c5 Nf5 21. cxb6 Qa6 22. Bc3 axb6 23. Ne5 Bxe5 24. dxe5 Qxa2 25. Qc4 Qa8 26. Ra1 Qb7 27. Qa6 Qb8 28. Re4 Ne7 29. Rc4 h6 30. g3 c5 31. Qb5 Nd5 32. Kh2 Nxc3 33. Rxc3 Qxe5 34. Rac1 Qd6 35. Rf3 Re7 36. Kg2 Rc7 37. b4 cxb4 38. Rxc7 Qxc7 39. Qxb4 Qb7 40. Qb5 g6 41. h4 h5 42. Qb3 Qc6 43. Kh2 Rd5 44. Rf4 Rf5 45. Rxf5 exf5 46. Qb4 Qc5 47. Qf4 b5 48. Qb8+ Kg7 49. Kg2 b4 50. Kf3 Qc3+ 51. Kg2 b3 52. Qb6 b2 53. Qb5 Qc2 54. Qe5+ Kh7 55. Qf6 Qb3 0-1

[Event "St Petersburg Academia"]
[Site "St Petersburg"]
[Date "2015.07.19"]
[Round "7"]
[White "Zenzera, Alexey"]
[Black "Chigaev, Maksim"]
[Result "1/2-1/2"]
[WhiteElo "2435"]
[BlackElo "2527"]
[PlyCount "126"]
[EventDate "2015.07.12"]
[EventType "tourn"]
[EventRounds "9"]
[EventCountry "RUS"]
[EventCategory "8"]
[SourceTitle "EXT 2016"]
[Source "ChessBase"]
[SourceDate "2015.10.08"]
[SourceVersion "1"]
[SourceVersionDate "2015.10.08"]
[SourceQuality "1"]

1. d4 g6 2. Nf3 Bg7 3. c4 Nf6 4. Nc3 d5 5. e3 c6 6. Bd3 0-0 7. 0-0 a6 8. a4 a5 9. b3 Na6 10. cxd5 cxd5 11. Ba3 Nb8 12. Ne5 Nc6 13. Bb5 Bd7 14. Rc1 Re8 15. h3 e6 16. Qd3 Bf8 17. Bxf8 Rxf8 18. Bxc6 bxc6 19. Nb1 Qb6 20. Nd2 Rfc8 21. Qc3 Be8 22. Nd3 Nd7 23. Nc5 Nxc5 24. Qxc5 Rcb8 25. Qxb6 Rxb6 26. f4 Bd7 27. Kf2 Kf8 28. Ke2 Ke7 29. Kd3 f6 30. Kc3 Rb4 31. g4 h6 32. h4 c5 33. dxc5 Rc8 34. Kd3 e5 35. g5 Bf5+ 36. Ke2 hxg5 37. hxg5 fxg5 38. fxe5 g4 39. c6 Rb6 40. Rc5 Rbxc6 41. Rxd5 Rh8 42. e4 Rh2+ 43. Kd3 Bc8 44. Nc4 Rh3+ 45. Kd4 Rxb3 46. Rd6 Rxd6+ 47. exd6+ Ke6 48. Rf8 Bd7 49. Rf4 Bxa4 50. Rxg4 Be8 51. Rf4 Bb5 52. Nxa5 Ra3 53. Nb7 Bc6 54. Nc5+ Kxd6 55. Rf6+ Kc7 56. e5 Be8 57. Kd5 g5 58. Ne6+ Kd7 59. Nxg5 Ra5+ 60. Ke4 Ra1 61. Nf3 Ke7 62. Rb6 Rd1 63. Ra6 Rb1 1/2-1/2

[Event "St Petersburg Academia"]
[Site "St Petersburg"]
[Date "2015.07.14"]
[Round "3"]
[White "Zenzera, Alexey"]
[Black "Savchenko, Stanislav"]
[Result "1-0"]
[WhiteElo "2435"]
[BlackElo "2501"]
[PlyCount "58"]
[EventDate "2015.07.12"]
[EventType "tourn"]
[EventRounds "9"]
[EventCountry "RUS"]
[EventCategory "8"]
[SourceTitle "EXT 2016"]
[Source "ChessBase"]
[SourceDate "2015.10.08"]
[SourceVersion "1"]
[SourceVersionDate "2015.10.08"]
[SourceQuality "1"]

1. c4 e5 2. g3 Nc6 3. Bg2 Bc5 4. Nc3 d6 5. d3 Nge7 6. e3 a6 7. Nge2 Ba7 8. Rb1 0-0 9. 0-0 Be6 10. Nd5 Qd7 11. b4 Rae8 12. a4 Nd8 13. b5 axb5 14. axb5 Nxd5 15. cxd5 Bh3 16. Qa4 Bxg2 17. Kxg2 Bb6 18. Qc4 f6 19. Bd2 Nf7 20. e4 Ng5 21. Ng1 h6 22. f4 exf4 23. Bxf4 Nf7 24. Ne2 Ne5 25. Qc2 f5 26. h3 Rf6 27. Bxe5 dxe5 28. Qd1 Kh8 29. Rf3 Ref8 1-0

[Event "RUS-ch Higher League 68th"]
[Site "Kaliningrad"]
[Date "2015.06.29"]
[Round "7"]
[White "Gabrielian, Artur"]
[Black "Zenzera, Alexey"]
[Result "1/2-1/2"]
[WhiteElo "2560"]
[BlackElo "2440"]
[PlyCount "99"]
[EventDate "2015.06.22"]
[EventType "swiss"]
[EventRounds "9"]
[EventCountry "RUS"]
[SourceTitle "EXT 2017"]
[Source "ChessBase"]
[SourceDate "2016.10.25"]
[SourceVersion "1"]
[SourceVersionDate "2016.10.25"]
[SourceQuality "1"]

1. e4 c6 2. d4 d5 3. e5 Bf5 4. Nf3 e6 5. Be2 Nd7 6. 0-0 Bg6 7. Nbd2 Nh6 8. c4 Be7 9. cxd5 cxd5 10. Nb3 Rc8 11. Bxh6 gxh6 12. Rc1 0-0 13. Qd2 Kg7 14. Bb5 a6 15. Bxd7 Qxd7 16. Nc5 Qc6 17. a3 a5 18. Nb3 Qb5 19. Nxa5 Be4 20. b4 b6 21. Nb7 Qd7 22. Nd6 Bxd6 23. exd6 Bxf3 24. gxf3 Rxc1 25. Rxc1 Qxd6 26. Kh1 Rg8 27. Rg1+ Kh8 28. Rxg8+ Kxg8 29. Qxh6 Qc7 30. Kg2 Qc2 31. h4 b5 32. Qf4 Kf8 33. h5 Qd3 34. Qe5 Ke7 35. Qc7+ Kf8 36. Qe5 Ke7 37. Qg5+ Ke8 38. Qf6 Qb1 39. Qf4 Qd3 40. Qf6 Qb1 41. Qf4 Qd3 42. Qd6 Qxd4 43. Qb8+ Ke7 44. Qb7+ Kd6 45. Qxf7 Qd3 46. Qf4+ Ke7 47. Qc7+ Kf6 48. Qd8+ Kf7 49. Qc7+ Kf6 50. Qd8+ 1/2-1/2

[Event "RUS-ch Higher League 68th"]
[Site "Kaliningrad"]
[Date "2015.06.26"]
[Round "5"]
[White "Lintchevski, Daniil"]
[Black "Zenzera, Alexey"]
[Result "1/2-1/2"]
[WhiteElo "2557"]
[BlackElo "2440"]
[PlyCount "63"]
[EventDate "2015.06.22"]
[EventType "swiss"]
[EventRounds "9"]
[EventCountry "RUS"]
[SourceTitle "EXT 2017"]
[Source "ChessBase"]
[SourceDate "2016.10.25"]
[SourceVersion "1"]
[SourceVersionDate "2016.10.25"]
[SourceQuality "1"]

1. c4 Nf6 2. Nc3 c5 3. g3 e6 4. Nf3 b6 5. Bg2 Bb7 6. 0-0 Be7 7. d4 cxd4 8. Qxd4 d6 9. Bg5 a6 10. Bxf6 Bxf6 11. Qd3 Be7 12. Rfd1 Nd7 13. Ne4 Bxe4 14. Qxe4 Rc8 15. b3 0-0 16. Nd4 Bf6 17. Rab1 Qc7 18. Qb7 Nc5 19. Qxc7 Rxc7 20. Rd2 Rfc8 21. Rbd1 Be7 22. e3 g6 23. Bf3 Kg7 24. Kg2 h5 25. h3 Nd7 26. Kf1 Nf6 27. Bg2 Kg8 28. Bf3 Kg7 29. Bg2 Kg8 30. Bf3 Kg7 31. Bg2 Kg8 32. Bf3 1/2-1/2

[Event "RUS-ch Higher League 68th"]
[Site "Kaliningrad"]
[Date "2015.06.24"]
[Round "3"]
[White "Zenzera, Alexey"]
[Black "Musaev, Rasul"]
[Result "1-0"]
[WhiteElo "2440"]
[BlackElo "2341"]
[PlyCount "71"]
[EventDate "2015.06.22"]
[EventType "swiss"]
[EventRounds "9"]
[EventCountry "RUS"]
[SourceTitle "EXT 2017"]
[Source "ChessBase"]
[SourceDate "2016.10.25"]
[SourceVersion "1"]
[SourceVersionDate "2016.10.25"]
[SourceQuality "1"]

1. d4 g6 2. c4 Bg7 3. Nf3 c5 4. e4 cxd4 5. Nxd4 Nc6 6. Be3 d6 7. Nc3 Bd7 8. Be2 Nf6 9. 0-0 0-0 10. Nc2 Ne8 11. Rc1 Rc8 12. Qd2 f5 13. exf5 Bxf5 14. Nd4 Bd7 15. b3 Nf6 16. h3 a6 17. Rfe1 Qe8 18. Nxc6 Bxc6 19. a4 Kh8 20. Bf1 Qf7 21. b4 Bd7 22. c5 a5 23. bxa5 dxc5 24. a6 bxa6 25. Bxa6 Ra8 26. Bb5 Rfd8 27. Qe2 Bxb5 28. axb5 Nd7 29. Ne4 Nb6 30. Bxc5 Nd5 31. Ng5 Qf5 32. Ne6 Rd7 33. Nxg7 Kxg7 34. Rcd1 Nc3 35. Bd4+ Rxd4 36. Qxe7+ 1-0

[Event "Somov Memorial 13th"]
[Site "Kirishi"]
[Date "2015.05.27"]
[Round "8"]
[White "Zenzera, Alexey"]
[Black "Esipenko, Andrey"]
[Result "1/2-1/2"]
[WhiteElo "2442"]
[BlackElo "2350"]
[PlyCount "89"]
[EventDate "2015.05.19"]
[EventType "tourn"]
[EventRounds "11"]
[EventCountry "RUS"]
[EventCategory "4"]
[SourceTitle "CBM 166 Extra"]
[Source "ChessBase"]
[SourceDate "2015.06.18"]
[SourceVersion "1"]
[SourceVersionDate "2015.06.18"]
[SourceQuality "1"]

1. Nf3 Nf6 2. c4 g6 3. Nc3 Bg7 4. e4 d6 5. d4 0-0 6. Be2 e5 7. 0-0 Nc6 8. d5 Ne7 9. a4 Nh5 10. g3 f5 11. Ng5 Nf6 12. Bf3 fxe4 13. Ncxe4 Nf5 14. Nxf6+ Qxf6 15. Bg4 Nd4 16. Bxc8 Raxc8 17. Be3 b6 18. a5 Bh6 19. Bxd4 Bxg5 20. Bc3 Qf3 21. Qxf3 Rxf3 22. Kg2 Rcf8 23. h4 Bh6 24. Rae1 Rd3 25. Rd1 Rdf3 26. Ra1 R3f7 27. f3 Be3 28. Rae1 Bh6 29. b4 bxa5 30. bxa5 a6 31. c5 dxc5 32. Rxe5 Bg7 33. Re3 Rd7 34. Bxg7 Kxg7 35. Re5 Rf5 36. Rxf5 gxf5 37. Re1 Rxd5 38. Re6 c4 39. Rc6 Rxa5 40. Rxc7+ Kg6 41. Rc6+ Kg7 42. Rxc4 Ra2+ 43. Kh3 h5 44. Rc7+ Kg6 45. Rc6+ 1/2-1/2

[Event "Somov Memorial 13th"]
[Site "Kirishi"]
[Date "2015.05.26"]
[Round "7"]
[White "Tishova, Svetlana"]
[Black "Zenzera, Alexey"]
[Result "0-1"]
[WhiteElo "1942"]
[BlackElo "2442"]
[PlyCount "168"]
[EventDate "2015.05.19"]
[EventType "tourn"]
[EventRounds "11"]
[EventCountry "RUS"]
[EventCategory "4"]
[SourceTitle "CBM 166 Extra"]
[Source "ChessBase"]
[SourceDate "2015.06.18"]
[SourceVersion "1"]
[SourceVersionDate "2015.06.18"]
[SourceQuality "1"]

1. e4 d5 2. exd5 Qxd5 3. Nc3 Qd8 4. d4 c6 5. Bg5 Qa5 6. Qd2 Be6 7. Nf3 Nd7 8. Bd3 Bg4 9. Be2 Bxf3 10. Bxf3 e6 11. Ne4 Qxd2+ 12. Bxd2 Ngf6 13. c3 Nxe4 14. Bxe4 Bd6 15. 0-0 0-0-0 16. Rfe1 h6 17. Rad1 Nf6 18. Bf3 Bc7 19. Be3 Nd5 20. Bc1 Rd7 21. g3 Rhd8 22. Kf1 a5 23. Rd3 Ne7 24. Rdd1 b5 25. a3 Nd5 26. Rd3 a4 27. Be2 Nb6 28. Rdd1 Nc4 29. Bf3 Kb7 30. h4 Bd6 31. Ke2 Be7 32. Be4 h5 33. Bf3 g6 34. Be4 Bf6 35. Bc2 Ra8 36. Be4 Bg7 37. Bf3 Rh8 38. Be4 Bh6 39. f4 Bg7 40. Bc2 Ra8 41. Kf3 Bf6 42. Rh1 Rh8 43. Rhe1 Kc7 44. Be4 Rdd8 45. Bc2 Kd7 46. Bd3 Be7 47. Bf1 Rhg8 48. Bh3 Kc7 49. Bf1 Rd6 50. Bh3 Rgd8 51. Ke2 Na5 52. Bg2 Nb3 53. Be3 Na5 54. Bc1 R6d7 55. Be4 Kb6 56. Bc2 c5 57. dxc5+ Bxc5 58. Kf3 Nb3 59. Be3 Bxe3 60. Kxe3 Na5 61. Rxd7 Nc4+ 62. Ke2 Rxd7 63. Bd3 Nxb2 64. Bxb5 Kxb5 65. Rb1 Kc4 66. Rxb2 Kxc3 67. Rb4 Rd4 68. Rb7 Rd2+ 69. Ke3 Rd3+ 70. Kf2 Kc2 71. Rxf7 Kb2 72. Re7 Rxa3 73. Rxe6 Rc3 74. Rxg6 a3 75. Rb6+ Rb3 76. Re6 a2 77. Re2+ Ka3 78. Rxa2+ Kxa2 79. f5 Rd3 80. f6 Rd6 81. g4 Rxf6+ 82. Kg3 Rg6 83. g5 Rd6 84. Kf4 Rd4+ 0-1

[Event "Somov Memorial 13th"]
[Site "Kirishi"]
[Date "2015.05.21"]
[Round "3"]
[White "Zenzera, Alexey"]
[Black "Khanin, Semen"]
[Result "1-0"]
[WhiteElo "2442"]
[BlackElo "2407"]
[PlyCount "89"]
[EventDate "2015.05.19"]
[EventType "tourn"]
[EventRounds "11"]
[EventCountry "RUS"]
[EventCategory "4"]
[SourceTitle "CBM 166 Extra"]
[Source "ChessBase"]
[SourceDate "2015.06.18"]
[SourceVersion "1"]
[SourceVersionDate "2015.06.18"]
[SourceQuality "1"]

1. d4 d5 2. c4 e6 3. Nf3 c5 4. cxd5 exd5 5. g3 Nc6 6. Bg2 Nf6 7. 0-0 Be7 8. Nc3 0-0 9. Bg5 cxd4 10. Nxd4 h6 11. Be3 Bg4 12. h3 Be6 13. Rc1 Re8 14. Nxc6 bxc6 15. Na4 Qc8 16. Kh2 Bf5 17. Nc5 Bxc5 18. Bxc5 Qa6 19. Bd4 Nd7 20. e3 Rac8 21. Re1 Qxa2 22. Ra1 Qc4 23. Rxa7 Qb4 24. Bc3 Qb6 25. Qa1 Rc7 26. Ra4 Qb3 27. Rc1 Qb8 28. b4 f6 29. Bd4 Be4 30. Bxe4 dxe4 31. Qa2+ Kh7 32. Rc4 Qc8 33. Qc2 Re6 34. Ra3 Qe8 35. b5 c5 36. Bxc5 Ne5 37. Qxe4+ f5 38. Qxf5+ g6 39. Qf4 Qxb5 40. Rc2 Qb1 41. Rca2 Qd1 42. Ra7 Nf3+ 43. Qxf3 Qxf3 44. Rxc7+ Kg8 45. Rc8+ 1-0

[Event "Somov Memorial 13th"]
[Site "Kirishi"]
[Date "2015.05.20"]
[Round "2"]
[White "Erenberg, Ariel"]
[Black "Zenzera, Alexey"]
[Result "1/2-1/2"]
[WhiteElo "2248"]
[BlackElo "2442"]
[PlyCount "74"]
[EventDate "2015.05.19"]
[EventType "tourn"]
[EventRounds "11"]
[EventCountry "RUS"]
[EventCategory "4"]
[SourceTitle "CBM 166 Extra"]
[Source "ChessBase"]
[SourceDate "2015.06.18"]
[SourceVersion "1"]
[SourceVersionDate "2015.06.18"]
[SourceQuality "1"]

1. d4 Nf6 2. c4 g6 3. Nc3 d5 4. cxd5 Nxd5 5. Bd2 Bg7 6. e4 Nxc3 7. Bxc3 0-0 8. Qd2 Nd7 9. Rd1 Nf6 10. Bd3 c5 11. dxc5 Qc7 12. Rc1 Be6 13. Nf3 a5 14. Nd4 Bd7 15. 0-0 Ng4 16. Nf3 Bh6 17. Qc2 Bxc1 18. Qxc1 f6 19. Bc4+ Kg7 20. h3 Nh6 21. Rd1 Rad8 22. e5 Qxc5 23. exf6+ exf6 24. Ng5 Rfe8 25. Be6 Qc8 26. Qf4 Nf5 27. Bf7 Rf8 28. Rd6 Rxf7 29. Nxf7 Kxf7 30. Rxf6+ Kg8 31. g4 Rf8 32. Rxf8+ Qxf8 33. gxf5 Qxf5 34. Qc4+ Kf8 35. Qh4 Ke8 36. Qg3 Bc6 37. Qe5+ Qxe5 1/2-1/2

[Event "St Petersburg-ch 88th"]
[Site "St Petersburg"]
[Date "2015.03.31"]
[Round "11"]
[White "Alekseenko, Kirill"]
[Black "Zenzera, Alexey"]
[Result "1/2-1/2"]
[WhiteElo "2512"]
[BlackElo "2423"]
[PlyCount "38"]
[EventDate "2015.03.21"]
[EventType "tourn"]
[EventRounds "11"]
[EventCountry "RUS"]
[EventCategory "6"]
[SourceTitle "CBM 165 Extra"]
[Source "ChessBase"]
[SourceDate "2015.04.21"]
[SourceVersion "1"]
[SourceVersionDate "2015.04.21"]
[SourceQuality "1"]

1. e4 d5 2. exd5 Nf6 3. d4 Bg4 4. Nf3 Qxd5 5. Nc3 Qh5 6. Be2 Nc6 7. 0-0 0-0-0 8. h3 Nxd4 9. Nxd4 Bxe2 10. Qxe2 Rxd4 11. Qe3 Qc5 12. b4 Qc4 13. Bb2 e6 14. a3 c5 15. Na4 Rd5 16. Nc3 Rd4 17. Na4 Rd5 18. Nc3 Rd4 19. Na4 Rd5 1/2-1/2

[Event "St Petersburg-ch 88th"]
[Site "St Petersburg"]
[Date "2015.03.27"]
[Round "7"]
[White "Goldobin, Mikhail"]
[Black "Zenzera, Alexey"]
[Result "0-1"]
[WhiteElo "2237"]
[BlackElo "2423"]
[PlyCount "62"]
[EventDate "2015.03.21"]
[EventType "tourn"]
[EventRounds "11"]
[EventCountry "RUS"]
[EventCategory "6"]
[SourceTitle "CBM 165 Extra"]
[Source "ChessBase"]
[SourceDate "2015.04.21"]
[SourceVersion "1"]
[SourceVersionDate "2015.04.21"]
[SourceQuality "1"]

1. d4 Nf6 2. c4 e6 3. Nc3 Bb4 4. e3 0-0 5. Bd3 d5 6. cxd5 exd5 7. Nge2 c5 8. a3 Bxc3+ 9. bxc3 b6 10. 0-0 Ba6 11. f3 Bxd3 12. Qxd3 Re8 13. Ng3 Nc6 14. Bb2 c4 15. Qd2 h5 16. Rae1 h4 17. Nf5 Ne7 18. g4 hxg3 19. Nxg3 Qd7 20. e4 Qh3 21. Kh1 Ng6 22. Bc1 dxe4 23. fxe4 Nxe4 24. Nxe4 Rxe4 25. Qg2 Qxg2+ 26. Kxg2 Rae8 27. Rxe4 Rxe4 28. Bd2 Kf8 29. Kf3 f5 30. Re1 Nh4+ 31. Kg3 Rg4+ 0-1

[Event "St Petersburg-ch 88th"]
[Site "St Petersburg"]
[Date "2015.03.26"]
[Round "6"]
[White "Zenzera, Alexey"]
[Black "Levin, Evgeny A"]
[Result "1-0"]
[WhiteElo "2423"]
[BlackElo "2529"]
[PlyCount "89"]
[EventDate "2015.03.21"]
[EventType "tourn"]
[EventRounds "11"]
[EventCountry "RUS"]
[EventCategory "6"]
[SourceTitle "CBM 165 Extra"]
[Source "ChessBase"]
[SourceDate "2015.04.21"]
[SourceVersion "1"]
[SourceVersionDate "2015.04.21"]
[SourceQuality "1"]

1. d4 Nf6 2. c4 e6 3. Nf3 b6 4. g3 Bb7 5. Bg2 Be7 6. 0-0 0-0 7. Bf4 c5 8. d5 exd5 9. Ne1 b5 10. cxd5 d6 11. e4 Nbd7 12. Nd2 Re8 13. Nc2 Bf8 14. a4 b4 15. Ne3 Ne5 16. Bxe5 Rxe5 17. Qc2 Ba6 18. Rfe1 Re8 19. Rad1 Nd7 20. f4 g6 21. Ndc4 Bb7 22. Ng4 h5 23. Nf2 Ba6 24. e5 b3 25. Qc1 dxe5 26. Nxe5 Bg7 27. d6 Rc8 28. Nc6 Rxe1+ 29. Rxe1 Rxc6 30. Bxc6 Bd4 31. Re7 Nf6 32. Rxa7 Qb6 33. d7 Bxf2+ 34. Kxf2 c4+ 35. Kf1 Nxd7 36. Rxa6 Qxa6 37. Bxd7 Qb7 38. Qxc4 Qh1+ 39. Ke2 Qxh2+ 40. Kd3 Qxb2 41. Be8 Qb1+ 42. Kd2 b2 43. Qxf7+ Kh8 44. Qf6+ Kh7 45. Bxg6+ 1-0

[Event "Wch U18"]
[Site "Durban"]
[Date "2014.09.23"]
[Round "6"]
[White "Zenzera, Alexey"]
[Black "Rindlisbacher, Lars"]
[Result "1/2-1/2"]
[WhiteElo "2439"]
[BlackElo "2336"]
[PlyCount "123"]
[EventDate "2014.09.20"]
[EventType "swiss"]
[EventRounds "11"]
[EventCountry "RSA"]
[SourceTitle "CBM 162 Extra"]
[Source "ChessBase"]
[SourceDate "2014.10.17"]
[SourceVersion "1"]
[SourceVersionDate "2014.10.17"]
[SourceQuality "1"]

1. b3 Nf6 2. Bb2 e6 3. c4 d6 4. g3 Be7 5. Bg2 0-0 6. Nf3 e5 7. 0-0 c6 8. Nc3 e4 9. Nd4 d5 10. cxd5 cxd5 11. d3 exd3 12. Qxd3 Nc6 13. Nf5 Be6 14. Nxe7+ Qxe7 15. Nb5 Rfd8 16. Nd4 Nxd4 17. Qxd4 a6 18. Rac1 Rac8 19. Qh4 Rxc1 20. Rxc1 Rc8 21. Rxc8+ Bxc8 22. e3 Be6 23. Bxf6 Qxf6 24. Qxf6 gxf6 25. Kf1 Kf8 26. Ke2 b6 27. Kd3 Ke7 28. Kd4 Kd6 29. f4 f5 30. b4 f6 31. Bf3 h6 32. Bh5 Bg8 33. Be8 Be6 34. Bg6 Kc6 35. a3 Kd6 36. Bh5 Kc6 37. Bd1 Kd6 38. h3 Bd7 39. Bh5 Be6 40. Be8 Bc8 41. Bf7 Bb7 42. a4 a5 43. b5 Ba8 44. Bh5 Bb7 45. Bf3 Ba8 46. Bd1 Bb7 47. Bb3 Ba8 48. Bc2 Ke6 49. Bd3 Bb7 50. h4 Ba8 51. Be2 Bb7 52. Bh5 Kd6 53. g4 fxg4 54. Bxg4 Ba8 55. Bc8 Kc7 56. Be6 Kd6 57. Bg4 Bb7 58. Bf3 Ba8 59. Bg2 Bb7 60. Bh3 Ba8 61. Bg2 Bb7 62. Bh3 1/2-1/2

[Event "Wch U18"]
[Site "Durban"]
[Date "2014.09.20"]
[Round "1"]
[White "Sultan, Ibrahim"]
[Black "Zenzera, Alexey"]
[Result "0-1"]
[WhiteElo "2023"]
[BlackElo "2439"]
[PlyCount "72"]
[EventDate "2014.09.20"]
[EventType "swiss"]
[EventRounds "11"]
[EventCountry "RSA"]
[SourceTitle "CBM 162 Extra"]
[Source "ChessBase"]
[SourceDate "2014.10.17"]
[SourceVersion "1"]
[SourceVersionDate "2014.10.17"]
[SourceQuality "1"]

1. d4 Nf6 2. c4 e6 3. Nf3 Bb4+ 4. Nbd2 0-0 5. a3 Bxd2+ 6. Qxd2 b6 7. b4 Bb7 8. Bb2 d6 9. e3 Nbd7 10. Be2 Qe7 11. 0-0 e5 12. d5 b5 13. cxb5 Bxd5 14. Rfc1 Rac8 15. Ne1 Nb6 16. a4 Bb7 17. f3 Rfd8 18. Nd3 Nbd7 19. Rc2 e4 20. Nf2 exf3 21. Bxf3 Bxf3 22. gxf3 Ne5 23. Bxe5 dxe5 24. Qc3 Nd5 25. Qc5 Qg5+ 26. Kh1 Nxe3 27. Nh3 Qf5 28. Rf2 Rd1+ 29. Rxd1 Nxd1 30. Ng1 Nxf2+ 31. Qxf2 e4 32. Qxa7 exf3 33. Qf2 Ra8 34. Nxf3 Rxa4 35. Qe2 h6 36. b6 Ra1+ 0-1

[Event "RUS-chT U20"]
[Site "Kolomna"]
[Date "2014.08.09"]
[Round "8"]
[White "Zenzera, Alexey"]
[Black "Palchun, Grigory"]
[Result "1-0"]
[WhiteElo "2441"]
[BlackElo "2321"]
[PlyCount "95"]
[EventDate "2014.08.02"]
[EventType "swiss"]
[EventRounds "9"]
[EventCountry "RUS"]
[SourceTitle "EXT 2016"]
[Source "ChessBase"]
[SourceDate "2015.10.08"]
[SourceVersion "1"]
[SourceVersionDate "2015.10.08"]
[SourceQuality "1"]

1. Nf3 d5 2. d4 Nf6 3. c4 c6 4. Qb3 dxc4 5. Qxc4 Bf5 6. g3 e6 7. Bg2 Be7 8. 0-0 0-0 9. Nc3 Nbd7 10. Re1 Ne4 11. Bf4 Qb6 12. Nh4 Bxh4 13. gxh4 Ndf6 14. f3 Nxc3 15. bxc3 Nh5 16. Be5 Qd8 17. Bg3 Bg6 18. Qc5 Qd5 19. e4 Qxc5 20. dxc5 Nxg3 21. hxg3 Rfd8 22. Rab1 Rd7 23. Rb4 Rad8 24. Reb1 f5 25. exf5 Bxf5 26. R1b2 a5 27. Rxb7 Rxb7 28. Rxb7 Rd5 29. Bf1 Rxc5 30. g4 Bc2 31. c4 h5 32. g5 Rf5 33. Kf2 Bd1 34. Bg2 Rf4 35. Kg3 e5 36. Re7 Rxc4 37. Rxe5 c5 38. g6 Kf8 39. Bf1 Rb4 40. Rxc5 Rb6 41. Bd3 a4 42. Rxh5 Ke7 43. Re5+ Re6 44. Rxe6+ Kxe6 45. a3 Ke5 46. f4+ Kd4 47. Bb5 Kc3 48. f5 1-0

[Event "RUS-chT U20"]
[Site "Kolomna"]
[Date "2014.08.06"]
[Round "5"]
[White "Shilyaev, Fedor"]
[Black "Zenzera, Alexey"]
[Result "1-0"]
[WhiteElo "2022"]
[BlackElo "2441"]
[PlyCount "79"]
[EventDate "2014.08.02"]
[EventType "swiss"]
[EventRounds "9"]
[EventCountry "RUS"]
[SourceTitle "EXT 2016"]
[Source "ChessBase"]
[SourceDate "2015.10.08"]
[SourceVersion "1"]
[SourceVersionDate "2015.10.08"]
[SourceQuality "1"]

1. e4 c6 2. d4 d5 3. Nd2 dxe4 4. Nxe4 Bf5 5. Ng3 Bg6 6. h4 h6 7. Nf3 Nd7 8. h5 Bh7 9. Bd3 Bxd3 10. Qxd3 e6 11. Bd2 Qc7 12. 0-0-0 0-0-0 13. Ne4 Ngf6 14. g3 Nxe4 15. Qxe4 Bd6 16. c4 Nf6 17. Qe2 c5 18. Bc3 cxd4 19. Nxd4 a6 20. Kb1 Kb8 21. Nb3 Qe7 22. Rd3 Bc7 23. Rhd1 Rxd3 24. Rxd3 Rd8 25. Rxd8+ Qxd8 26. f4 Qd6 27. Qf3 Qb6 28. Bd4 Qb4 29. Nc5 Nd5 30. Qe2 Nc3+ 31. Bxc3 Qxc5 32. Bxg7 Qg1+ 33. Kc2 Qxg3 34. Be5 f6 35. Bxc7+ Kxc7 36. Qxe6 Qxf4 37. Qe7+ Kc6 38. Qe6+ Kc7 39. Qe7+ Kc6 40. Qe6+ 1-0